| Tag |
First Indicator |
Second Indicator |
Subfields |
| LEADER |
00000cam a22000004i 4500 |
| 001 |
in00004817321 |
| 008 |
030730s2004 miu b 001 0 eng |
| 005 |
20240808225201.8 |
| 010 |
|
|
|a 2003017198
|
| 035 |
|
|
|a (OCoLC)ocm52773458
|
| 040 |
|
|
|a DLC
|b eng
|e rda
|c DLC
|d YDX
|d IBS
|d CKX
|d BAKER
|d NLGGC
|d BTCTA
|d YDXCP
|d OKN
|d IG#
|d UBY
|d HEBIS
|d UKM
|d BDX
|d OCLCF
|d OCLCO
|d OCLCQ
|d UKMGB
|d EUQ
|d OCLCQ
|d L2U
|d OCLCQ
|d OCLCA
|d IL4J6
|d CZL
|d OCLCO
|d NKM
|d OCLCO
|d OCLCL
|
| 015 |
|
|
|a GBA4Z3355
|2 bnb
|
| 016 |
7 |
|
|a 011616192
|2 Uk
|
| 019 |
|
|
|a 56438072
|a 1022685070
|a 1079942064
|a 1080857557
|a 1081056241
|a 1083407611
|a 1084825417
|
| 020 |
|
|
|a 0472098608
|q (cloth ;
|q alk. paper)
|
| 020 |
|
|
|a 9780472098606
|q (cloth ;
|q alk. paper)
|
| 020 |
|
|
|a 0472068601
|q (pbk. ;
|q alk. paper)
|
| 020 |
|
|
|a 9780472068609
|q (pbk. ;
|q alk. paper)
|
| 029 |
1 |
|
|a AU@
|b 000024843306
|
| 029 |
1 |
|
|a AU@
|b 000060204593
|
| 029 |
1 |
|
|a AU@
|b 000061922135
|
| 029 |
1 |
|
|a HEBIS
|b 12299325X
|
| 029 |
1 |
|
|a IG#
|b 9780472068609
|
| 029 |
1 |
|
|a IG#
|b 9780472098606
|
| 029 |
1 |
|
|a NLGGC
|b 255548818
|
| 029 |
1 |
|
|a UKMGB
|b 011616192
|
| 029 |
1 |
|
|a YDXCP
|b 2051250
|
| 029 |
1 |
|
|a AU@
|b 000066684732
|
| 035 |
|
|
|a (OCoLC)52773458
|z (OCoLC)56438072
|z (OCoLC)1022685070
|z (OCoLC)1079942064
|z (OCoLC)1080857557
|z (OCoLC)1081056241
|z (OCoLC)1083407611
|z (OCoLC)1084825417
|
| 042 |
|
|
|a pcc
|
| 043 |
|
|
|a n-us---
|
| 050 |
0 |
0 |
|a HV8699.U5
|b F54 2004
|
| 080 |
|
|
|a 343.253(73)
|
| 082 |
0 |
0 |
|a 364.66/0973
|2 22
|
| 084 |
|
|
|a 86.44
|2 bcl
|
| 049 |
|
|
|a MAIN
|
| 100 |
1 |
|
|a Fleury-Steiner, Benjamin,
|d 1970-
|1 https://id.oclc.org/worldcat/entity/E39PCjKXkmKjm6QwpmXVCGj7QC
|0 http://id.loc.gov/authorities/names/n2003109810,
|e author
|
| 245 |
1 |
0 |
|a Jurors' stories of death :
|b how America's death penalty invests in inequality /
|c Benjamin Fleury-Steiner ; with a foreword by David Cole.
|
| 264 |
|
1 |
|a Ann Arbor :
|b University of Michigan Press,
|c [2004]
|
| 264 |
|
4 |
|c ©2004
|
| 300 |
|
|
|a xix, 199 pages ;
|c 24 cm.
|
| 336 |
|
|
|a text
|b txt
|2 rdacontent
|
| 337 |
|
|
|a unmediated
|b n
|2 rdamedia
|
| 338 |
|
|
|a volume
|b nc
|2 rdacarrier
|
| 490 |
1 |
|
|a Law, meaning, and violence
|
| 504 |
|
|
|a Includes bibliographical references (pages 183-191) and indexes.
|
| 505 |
0 |
|
|a Introduction -- Race politics, punishment, and the bureaucracy of death -- Story worlds of death -- Insiders -- Voices of resistance -- Representing death -- Handling resisters -- Conclusion: pawns of the state -- Appendix A.A politics of the insiders -- Appendix B.A closer look at African American capital jurors -- Appendix C. The jurors.
|
| 590 |
|
|
|b TAG Physical Holdings 2
|
| 650 |
|
0 |
|a Discrimination in capital punishment
|z United States.
|
| 650 |
|
0 |
|a Discrimination in criminal justice administration
|z United States.
|
| 650 |
|
0 |
|a Jury
|z United States.
|
| 650 |
|
6 |
|a Discrimination dans l'application de la peine de mort
|z États-Unis.
|
| 650 |
|
6 |
|a Discrimination dans l'administration de la justice pénale
|z États-Unis.
|
| 650 |
|
7 |
|a 86.44 penitentiary law.
|2 bcl
|
| 650 |
|
7 |
|a Discrimination in capital punishment
|2 fast
|
| 650 |
|
7 |
|a Discrimination in criminal justice administration
|2 fast
|
| 650 |
|
7 |
|a Jury
|2 fast
|
| 651 |
|
7 |
|a United States
|2 fast
|1 https://id.oclc.org/worldcat/entity/E39PBJtxgQXMWqmjMjjwXRHgrq
|
| 650 |
|
7 |
|a Rassendiskriminierung
|2 gnd
|
| 650 |
|
7 |
|a Todesstrafe
|2 gnd
|
| 651 |
|
7 |
|a USA
|2 gnd
|
| 650 |
1 |
7 |
|a Doodstraf.
|2 gtt
|
| 650 |
1 |
7 |
|a Discriminatie.
|2 gtt
|
| 650 |
1 |
7 |
|a Juryrechtspraak.
|2 gtt
|
| 650 |
|
7 |
|a Discrimination in capital punishment
|z United States.
|2 nli
|
| 650 |
|
7 |
|a Discrimination in criminal justice administration
|z United States.
|2 nli
|
| 650 |
|
7 |
|a Jury
|z United States.
|2 nli
|
| 758 |
|
|
|i has work:
|a Jurors' stories of death (Text)
|1 https://id.oclc.org/worldcat/entity/E39PCG3Jm3BCJK87xdqPfkjvd3
|4 https://id.oclc.org/worldcat/ontology/hasWork
|
| 776 |
0 |
8 |
|i Online version:
|a Fleury-Steiner, Benjamin, 1970-
|t Jurors' stories of death.
|d Ann Arbor : University of Michigan Press, ©2004
|w (OCoLC)606437036
|
| 776 |
0 |
8 |
|i Online version:
|a Fleury-Steiner, Benjamin, 1970-
|t Jurors' stories of death.
|d Ann Arbor : University of Michigan Press, ©2004
|w (OCoLC)616151946
|
| 830 |
|
0 |
|a Law, meaning, and violence.
|0 http://id.loc.gov/authorities/names/n92080417
|
| 856 |
4 |
1 |
|3 Table of contents
|u http://catdir.loc.gov/catdir/toc/ecip047/2003017198.html
|t 0
|
| 856 |
4 |
2 |
|3 Publisher description
|u http://catdir.loc.gov/catdir/description/umich051/2003017198.html
|t 0
|
| 938 |
|
|
|a Baker & Taylor
|b BKTY
|c 65.00
|d 65.00
|i 0472098608
|n 0004207186
|s active
|
| 938 |
|
|
|a Brodart
|b BROD
|n 01657437
|c $27.95
|
| 938 |
|
|
|a Baker and Taylor
|b BTCP
|n 2003017198
|
| 938 |
|
|
|a Ingram
|b INGR
|n 9780472098606
|
| 938 |
|
|
|a YBP Library Services
|b YANK
|n 2051250
|
| 994 |
|
|
|a 92
|b TAG
|
| 852 |
|
|
|a TAG
|b TAGC
|c galv,stk
|h HV8699.U5 F54 2004
|t c.1
|
| 876 |
|
|
|c 47.60
|p 33620001058839
|x Acc# 2004-1500
|v unmediated -- volume
|
| 999 |
f |
f |
|s 0321973a-3a28-4e0d-b1d0-183d249e119f
|i 67a6ac43-caa8-474a-afba-df36329affa4
|t 0
|
| 952 |
f |
f |
|p normal
|a Texas A&M University
|b Galveston Campus
|c Jack K. Williams Library
|d Galveston Stacks
|t 0
|e HV8699.U5 F54 2004
|h Library of Congress classification
|i unmediated -- volume
|m 33620001058839
|
| 998 |
f |
f |
|a HV8699.U5 F54 2004
|t 0
|l Galveston Stacks
|